¿Adonde va América Latina?: balance de las reformas económicas /
Wedi'i Gadw mewn:
| Awduron Eraill: | |
|---|---|
| Fformat: | Anhysbys |
| Iaith: | Spanish |
| Cyhoeddwyd: |
Santiago:
CIEPLAN,
1992
|
| Pynciau: | |
| Tagiau: |
Ychwanegu Tag
Dim Tagiau, Byddwch y cyntaf i dagio'r cofnod hwn!
|
MARC
| LEADER | 00000 a2200000 04500 | ||
|---|---|---|---|
| 003 | cru CIDCACS/IIS | ||
| 005 | 20240116145316.0 | ||
| 008 | 240116b |||||||| |||| 00| 0 spa d | ||
| 040 | |c cru CIDCACS/IIS | ||
| 090 | |a 10970.01-02 | ||
| 245 | 1 | 1 | |a ¿Adonde va América Latina?: balance de las reformas económicas / |c Joaquín Vial, compilador |
| 260 | |a Santiago: |b CIEPLAN, |c 1992 | ||
| 300 | |a 301 páginas | ||
| 650 | |a CRECIMIENTO ECONOMICO | ||
| 700 | 1 | |a Vial, Joaquín |9 11842 |e Compilador | |
| 942 | |2 ddc |c LI | ||
| 999 | |c 45452 |d 45452 | ||
